Informal primary education today : essays and studies

Αποθηκεύτηκε σε:
Λεπτομέρειες βιβλιογραφικής εγγραφής
Άλλοι συγγραφείς: Blyth, W. A. L. (William Alan Lansdell) (Επιμελητής έκδοσης)
Μορφή: Βιβλίο
Γλώσσα:English
Δημοσίευση: London ; New York : Falmer Press, 1988
Σειρά:Contemporary analysis in education series ; ; 21
Θέματα:
Ετικέτες: Προσθήκη ετικέτας
Δεν υπάρχουν, Καταχωρήστε ετικέτα πρώτοι!

MARC

LEADER 00000nam a2200000 i 4500
001 1/78611
008 980826s1988 eng d
020 |a 1-85000-270-3 
035 |l 10032969 
035 |a 1990  |b 3  |c Μακρυνιώτη 
040 |a GR-MY-UA  |b gre  |e aacr 
041 0 |a eng 
082 0 |a 372.942  |2 (19) 
245 1 0 |a Informal primary education today :  |b essays and studies /  |c edited by Alan Blyth 
260 |a London ; New York :   |b Falmer Press,   |c 1988 
300 |a viii, 219 p.;  |c 25 cm 
490 1 |a Contemporary analysis in education series  |v ; 21 
504 |a Βιβλιογραφία: σ. 199-208 
504 |a Περιέχει ευρετήριο 
650 0 0 |a Education, Elementary  |z England. 
650 0 0 |a Progressive education  |z England. 
700 1 |a Blyth, W. A. L.  |q (William Alan Lansdell)  |4 edt 
830 0 |a Contemporary analysis in education series ;  |v ; 21 
852 |a INST  |b RHODES  |e 19980826  |h 372.942 INF  |p 005400003523  |q 005400003523  |t BK  |y 0 
909 |a Ρ  |b 018769  |c 1990